000 00717nam a22002297a 4500
999 _c13740
_d13740
003 AR-CdUCM
008 190416b ||||| |||| 00| 0 spa d
020 _a84-499-6410-5
040 _aMUNICIPALIDAD PROVINCIAL DEL CUSCO
_cBIBLIOTECA MUNICIPAL DEL CUSCO
082 _aES / 373.082 /
_bL16
100 _aLagerkvist, Par
_932258
245 _aBarrabás y otros relatos /
260 _aBuenos Aires :
_bEmece editores,
_bAlianza editorial,
_bEdiciones Orbis,
_c1983.
300 _a312 paginas ;
_c20 cm.
500 _aCuentos e historias
650 _aBarrabas
_932259
650 _aRelatos
_9195
650 _aCuentos
_9217
700 _aAldao, Martin
_932260
942 _2ddc
_cLIBROS
945 _apjha
_d2019-04-15